Construction superintendent's operations manual

में बचाया:
ग्रंथसूची विवरण
मुख्य लेखक: Levy, Sidney M.
स्वरूप: पुस्तक
भाषा:Undetermined
प्रकाशित: New York McGraw- Hill 2004
विषय:
टैग : टैग जोड़ें
कोई टैग नहीं, इस रिकॉर्ड को टैग करने वाले पहले व्यक्ति बनें!
Thư viện lưu trữ: Trung tâm Học liệu Trường Đại học Cần Thơ
LEADER 00535nam a2200205Ia 4500
001 CTU_75092
008 210402s9999 xx 000 0 und d
020 |b 1415000 
082 |a 690 
082 |b L668 
100 |a Levy, Sidney M. 
245 0 |a Construction superintendent's operations manual 
245 0 |c Sidney M. Levy 
260 |a New York 
260 |b McGraw- Hill 
260 |c 2004 
650 |a Building 
650 |x Superintendence 
904 |i Truc,Hải 
980 |a Trung tâm Học liệu Trường Đại học Cần Thơ